| 000 | 01515nam a2200289Ia 4500 | ||
|---|---|---|---|
| 999 |
_c49597 _d49597 |
||
| 001 | 16529 | ||
| 003 | GE_BSU | ||
| 005 | 20250114111259.0 | ||
| 008 | 181216s2014||||ge |||||||||||||| ||geo|| | ||
| 010 | _a978-9941-0-3645-3 | ||
| 040 | _cGE_BSU | ||
| 041 | _ageo | ||
| 080 | _a51(075.4)+512+517 მ-51 | ||
| 245 |
_aმათემატიკა : ალგებრა და ანალიზის საწყისები : _b[საატესტატო და ეროვნული გამოცდებისათვის] / _cბეჟან ღვაბერიძე, ფრიდონ დვალიშვილი, ალექსანდრე მოსიძე [და სხვ.] ; რედ. ნ. ქალდანი. |
||
| 250 | _aმე-6 გამოცემა | ||
| 264 |
_aთბილისი : _b[?], _c2014. |
||
| 300 |
_a509 გვ. ; _c 27 სმ |
||
| 541 | _h15ლ. | ||
| 653 | _aმათემატიკა | ||
| 653 | _aალგებრა და ანალიზის საწყისები | ||
| 700 |
_aღვაბერიძე, ბეჟან _eავტორი _923397 |
||
| 700 |
_aმოსიძე, ალექსანდრე _eავტორი _923399 |
||
| 700 |
_aგელაშვილი, კობა _eავტორი _924046 |
||
| 700 |
_aსირბილაძე, გია _eავტორი _924047 |
||
| 700 |
_aქალდანი, ნ. _eრედაქტორი _922383 |
||
| 942 |
_cBK _2udc |
||